Majetok, záväzky a vlastné imanie v účtovníctve rozpočtových organizácií s aplikáciou v konkrétnej rozpočtovej organizácii diplomová práca

Enregistré dans:
Détails bibliographiques
Auteur principal: Vallová, Eliška
Collectivité auteur: Fakulta hospodárskej informatiky EU. Katedra účtovníctva a audítorstva
Autres auteurs: Kršeková, Marianna
Format: Livre
Langue:slovaque
Publié: Bratislava 2010
Tags: Ajouter un tag
Pas de tags, Soyez le premier à ajouter un tag!

MARC

LEADER 00000nam$a2200000$$$4500
001 0120273
005 20240318122536.0
041 0 |a slo 
044 |a SK 
245 1 0 |a Majetok, záväzky a vlastné imanie v účtovníctve rozpočtových organizácií s aplikáciou v konkrétnej rozpočtovej organizácii  |b diplomová práca  |c Eliška Vallová ; škol. Marianna Kršeková 
264 1 |a Bratislava  |c 2010 
300 |a 81 s. 
100 1 |a Vallová, Eliška 
700 1 |a Kršeková, Marianna 
710 2 |a Fakulta hospodárskej informatiky EU. Katedra účtovníctva a audítorstva